Complete Mediterranean wildlife

Αποθηκεύτηκε σε:
Λεπτομέρειες βιβλιογραφικής εγγραφής
Κύριος συγγραφέας: Sterry, Paul
Μορφή: Βιβλίο
Γλώσσα:English
Δημοσίευση: London : HarperCollins, 2000
Θέματα:
Ετικέτες: Προσθήκη ετικέτας
Δεν υπάρχουν, Καταχωρήστε ετικέτα πρώτοι!

MARC

LEADER 00000cam a2200000 i 4500
001 1/74406
008 080214s2000 eng d
020 |a 978-000-220161-2 
020 |a 0-00-220161-5 
035 |l 10094638 
040 |a GR-MY-UA  |b gre  |e aacr 
041 0 |a eng 
082 0 |a 577  |2 (22) 
100 1 |a Sterry, Paul. 
245 1 0 |a Complete Mediterranean wildlife /  |c Paul Sterry 
260 |a London :   |b HarperCollins,   |c 2000 
300 |a 384 σ.;  |b φωτ.;  |c 21 εκ.  
504 |a Ευρετήριο: σ. 349-384 
650 0 0 |a Plants  |z Mediterranean Region  |x Identification. 
650 0 0 |a Animals  |z Mediterranean Region  |x Identification. 
650 0 0 |a Insects  |z Mediterranean Region  |x Identification. 
852 |a INST  |b LESVOS  |e 20080214  |h 577 STE  |p 005100040682  |q 005100040682  |t BK  |y 0 
901 |a BIBL1-2008-1 
909 |a Λ  |b 145706 
922 |a 1ΕΛΗ  |b 200801  |c ΕΠΕΑΕΚ2/ΤΠ  |d ΕΛΕΥΘΕΡΟΥΔΑΚΗΣ 
970 |a ΧΑΤΖΗΜΙΧΑΗΛ  |b ΜΑΡΙΑ  |z 2008/02/14